<?xml version="1.0" encoding="UTF-8"?>
<record
    xmlns:xsi="http://www.w3.org/2001/XMLSchema-instance"
    xsi:schemaLocation="http://www.loc.gov/MARC21/slim http://www.loc.gov/standards/marcxml/schema/MARC21slim.xsd"
    xmlns="http://www.loc.gov/MARC21/slim">

  <leader>01313nam a2200229Ia 4500</leader>
  <datafield tag="952" ind1=" " ind2=" ">
    <subfield code="0">0</subfield>
    <subfield code="1">0</subfield>
    <subfield code="2">lcc</subfield>
    <subfield code="4">0</subfield>
    <subfield code="7">0</subfield>
    <subfield code="a">21</subfield>
    <subfield code="b">21</subfield>
    <subfield code="d">2011-10-20</subfield>
    <subfield code="l">20</subfield>
    <subfield code="o">BF698.8.M5 N85 r2010</subfield>
    <subfield code="p">21 000167</subfield>
    <subfield code="r">2026-01-29</subfield>
    <subfield code="s">2026-01-24</subfield>
    <subfield code="t">1</subfield>
    <subfield code="w">2012-07-20</subfield>
    <subfield code="y">LB</subfield>
  </datafield>
  <datafield tag="952" ind1=" " ind2=" ">
    <subfield code="0">0</subfield>
    <subfield code="1">0</subfield>
    <subfield code="2">lcc</subfield>
    <subfield code="4">0</subfield>
    <subfield code="7">0</subfield>
    <subfield code="a">08</subfield>
    <subfield code="b">08</subfield>
    <subfield code="d">2017-06-28</subfield>
    <subfield code="l">9</subfield>
    <subfield code="m">3</subfield>
    <subfield code="o">BF698.8.M5 N85 2010</subfield>
    <subfield code="p">08 006398</subfield>
    <subfield code="r">2022-06-28</subfield>
    <subfield code="s">2022-06-28</subfield>
    <subfield code="t">1</subfield>
    <subfield code="w">2017-07-27</subfield>
    <subfield code="y">LB</subfield>
  </datafield>
  <datafield tag="952" ind1=" " ind2=" ">
    <subfield code="0">0</subfield>
    <subfield code="1">0</subfield>
    <subfield code="2">lcc</subfield>
    <subfield code="4">0</subfield>
    <subfield code="7">0</subfield>
    <subfield code="a">08</subfield>
    <subfield code="b">08</subfield>
    <subfield code="d">2017-06-28</subfield>
    <subfield code="l">1</subfield>
    <subfield code="o">BF698.8.M5 N85 1991</subfield>
    <subfield code="p">08 006399</subfield>
    <subfield code="r">2019-12-14</subfield>
    <subfield code="s">2019-12-14</subfield>
    <subfield code="t">2</subfield>
    <subfield code="w">2017-08-03</subfield>
    <subfield code="y">LB</subfield>
  </datafield>
  <datafield tag="999" ind1=" " ind2=" ">
    <subfield code="c">83202</subfield>
    <subfield code="d">83202</subfield>
  </datafield>
  <controlfield tag="008">120721s1991    mx            000 0 spa d</controlfield>
  <datafield tag="020" ind1=" " ind2=" ">
    <subfield code="a">9789682442650</subfield>
  </datafield>
  <datafield tag="050" ind1="0" ind2="4">
    <subfield code="a">BF698.8.M5 </subfield>
    <subfield code="b">N85 1991 </subfield>
  </datafield>
  <datafield tag="100" ind1="1" ind2="0">
    <subfield code="a">Nu&#xF1;ez, Rafael</subfield>
    <subfield code="e">autor</subfield>
  </datafield>
  <datafield tag="245" ind1="1" ind2="3">
    <subfield code="a">Pruebas psicom&#xE9;tricas de la personalidad </subfield>
    <subfield code="b">: manual pr&#xE1;ctico del MMPI</subfield>
    <subfield code="c"> / Rafael N&#xFA;&#xF1;ez.</subfield>
  </datafield>
  <datafield tag="250" ind1=" " ind2=" ">
    <subfield code="a">2a edici&#xF3;n</subfield>
  </datafield>
  <datafield tag="260" ind1=" " ind2=" ">
    <subfield code="a">M&#xE9;xico</subfield>
    <subfield code="b">: Trillas</subfield>
    <subfield code="c">, 1991</subfield>
  </datafield>
  <datafield tag="300" ind1=" " ind2=" ">
    <subfield code="a">419 p&#xE1;ginas</subfield>
    <subfield code="b">: gr&#xE1;ficas</subfield>
  </datafield>
  <datafield tag="504" ind1=" " ind2=" ">
    <subfield code="a">Bibliograf&#xED;a (pp. 405-411)</subfield>
  </datafield>
  <datafield tag="505" ind1=" " ind2=" ">
    <subfield code="a">Derivaci&#xF3;n y estructura de escalas
Administraci&#xF3;n, calificaci&#xF3;n, trazo del perfil y sistemas para encontrar la clave
Escalas de frases omitidas, L, F, y K
Escalas b&#xE1;sicas 1 (Hs), 2 (D), 3 (Hi), 4 (Dp), 5 (Mf), 6 (Pa), 7 (Pt), 8 (Es), 9 (Ma), O (Si)
Varios tipos de perfiles
Escalas especiales
Interpretaci&#xF3;n por computadora
Interpretaci&#xF3;n. Caso ilustrativo</subfield>
  </datafield>
  <datafield tag="519" ind1=" " ind2=" ">
    <subfield code="a">Plan Flexible /</subfield>
    <subfield code="b">Psicolog&#xED;a / </subfield>
    <subfield code="c">Elaboraci&#xF3;n de pruebas psicol&#xF3;gicas (B17-3) /</subfield>
    <subfield code="d">(08 006398, 08 006399)</subfield>
  </datafield>
  <datafield tag="519" ind1=" " ind2=" ">
    <subfield code="a">Educaci&#xF3;n mixta /</subfield>
    <subfield code="b">Psicolog&#xED;a / </subfield>
    <subfield code="c">Psicometr&#xED;a II  (P07) /</subfield>
    <subfield code="d">(21 000167)</subfield>
  </datafield>
  <datafield tag="650" ind1=" " ind2=" ">
    <subfield code="a">PRUEBAS DE LA PERSONALIDAD</subfield>
  </datafield>
  <datafield tag="650" ind1=" " ind2=" ">
    <subfield code="a"> MMPI (MINNESOTA MULTIPHASIC  PERSONALITY INVENTORY).&#xCC;</subfield>
  </datafield>
  <datafield tag="942" ind1=" " ind2=" ">
    <subfield code="2">lcc</subfield>
    <subfield code="c">LB</subfield>
  </datafield>
</record>
